000 003140000a22000970004500
100 1 _aBrown, Bill
245 1 0 _aWhat's a witness to do? : How you can be effective in telling friends about Jesus
300 _aVol. 76, Num 3 (Julio-Septiambre, 1996), Páginas 15-16
773 0 _tLatin America Evangelist
942 _cANA
999 _c54981
_d54981